| 000 | 00641nam a2200193 4500 | ||
|---|---|---|---|
| 999 |
_c170705 _d170705 |
||
| 005 | 20191223150436.0 | ||
| 010 | _aENG-127213 | ||
| 020 |
_a9788124120361 _c795.00 |
||
| 035 | _aEN-110745 | ||
| 037 | _bDBAD/PUB | ||
| 082 | _a808.88 | ||
| 100 | _aAnsari, M.Hamid | ||
| 245 |
_aDare I question : _cby Subramanian swamy _breflections on contemporary challenges / |
||
| 260 |
_aNew Delhi _bHar-Anand Publications _c2018 |
||
| 270 |
_aE-49/3, Okhla Industrial Area, Phase-II _bNew Delhi _e110020 _k41603490 _mInfo@haranandbooks.com |
||
| 300 |
_a239p. _c22cm(Hb) |
||
| 500 | _aIncludes index | ||
| 942 |
_2ddc _cEN _h808.88 _mANS |
||